000 00476nam a2200145 i 4500
001 79333
003 ES-MaACL
007 t|
008 041020s1909 fr ||||1| fre d
100 1 _aHenry, Charles.
_962592
245 1 0 _aPsycho-biologie et Energétique
_b: essai sur un principe de méthodes intuitives de calcul /
_cpar Charles Henry.
260 _aParis :
_bA. Hermann et Fils,
_c1909 (
_eChartres :
_fDurand)
300 _a216 p. ;
_c25 cm.
852 _aES-MaACL
_jG-6291
999 _c79333
_d79333